[Event "Hong Kong Open 2015"]
[Site "Hong Kong HKG"]
[Date "2015.10.03"]
[Round "6.25"]
[White "Au, Ka Pang"]
[Black "Gurung, Mohan Kumar"]
[Result "0-1"]
[WhiteElo "1534"]
[BlackElo "1701"]
[EventDate "2015.10.01"]
[WhiteFideId "6002250"]
[BlackFideId "12303976"]

1.e4 e5 2.Nf3 Nc6 3.Bc4 Nf6 4.Ng5 d5 5.exd5 Nd4 6.Nc3 Bg4 7.f3 Bh5 8.O-O 
Bc5 9.Kh1 O-O 10.d3 a6 11.a4 h6 12.Nce4 Ba7 13.Nxf6+ Qxf6 14.Ne4 Qh4 15.
Ng3 Bg6 16.Bd2 b5 17.axb5 axb5 18.Ba2 Kh8 19.Be1 Qe7 20.Bd2 f5 21.Re1 Qf6 
22.Bc3 f4 23.Ne4 Qh4 24.Nd2 Rf5 25.Nf1 Raf8 26.Bb4 Bh5 27.Nd2 Bg6 28.Nf1 
Qf2 29.Nd2 Rh5 30.h3 Rff5 31.Rf1 Rxh3+ 32.gxh3 Qg3 33.Ne4 Qxh3+ 34.Kg1 
Nxf3# 0-1

[Event "Hong Kong Open 2015"]
[Site "Hong Kong HKG"]
[Date "2015.10.04"]
[Round "7.23"]
[White "Yau Kwok Yui Oliver"]
[Black "Wolfaardt, F"]
[Result "0-1"]
[WhiteElo "1454"]
[BlackElo "1722"]
[EventDate "2015.10.01"]
[WhiteFideId "6002579"]
[BlackFideId "14302578"]

1.e4 e5 2.Nf3 Nc6 3.Bc4 f5 4.d3 Nf6 5.exf5 d5 6.Bb3 Bxf5 7.O-O Qd7 8.c3 
Be7 9.Bc2 O-O 10.d4 Bxc2 11.Qxc2 e4 12.Ne1 Qf5 13.f3 Nd7 14.Qe2 Qh5 15.Be3
Rae8 16.Rf2 Bd6 17.g3 exf3 18.Qd3 Re6 19.Nc2 Nf6 20.c4 Ne4 21.Rf1 Bxg3 22.
hxg3 Nxg3 23.cxd5 Rg6 24.Kf2 Nxf1 25.Qxf1 Qh2+ 26.Ke1 Qxc2 27.dxc6 Re6 0-1

[Event "Mikenas Memorial 2015"]
[Site "Vilnius LTU"]
[Date "2015.09.13"]
[Round "3.2"]
[White "Kupreichik, V"]
[Black "Aleksandrov, A"]
[Result "1/2-1/2"]
[WhiteElo "2378"]
[BlackElo "2619"]
[EventDate "2015.09.12"]
[WhiteTitle "GM"]
[BlackTitle "GM"]
[WhiteFideId "13500066"]
[BlackFideId "13500139"]

1.e4 e5 2.Nf3 Nc6 3.Bc4 Bc5 4.c3 Nf6 5.d4 exd4 6.cxd4 Bb4+ 7.Bd2 Nxe4 8.
Bxf7+ Kxf7 9.Qb3+ Kf8 10.Bxb4+ Nxb4 11.Qxb4+ Qe7 12.Qxe7+ Kxe7 13.O-O Re8 
14.Re1 Kf8 15.Ne5 Nf6 16.Nc3 d6 17.Nc4 Rxe1+ 18.Rxe1 Bd7 19.f3 b5 20.Ne3 
a5 21.Kf2 Re8 22.Rc1 1/2-1/2

[Event "Mikenas Memorial 2015"]
[Site "Vilnius LTU"]
[Date "2015.09.15"]
[Round "5.5"]
[White "Sulskis, S"]
[Black "Stetsko, L"]
[Result "1/2-1/2"]
[WhiteElo "2547"]
[BlackElo "2214"]
[EventDate "2015.09.12"]
[WhiteTitle "GM"]
[BlackTitle "FM"]
[WhiteFideId "12800112"]
[BlackFideId "13505300"]

1.e4 e5 2.Nf3 Nc6 3.Bc4 Bc5 4.c3 Nf6 5.d4 exd4 6.cxd4 Bb4+ 7.Nc3 Nxe4 8.
O-O Bxc3 9.d5 Bf6 10.Re1 Ne7 11.Rxe4 d6 12.Bg5 Bxg5 13.Nxg5 h6 14.Bb5+ Bd7
15.Bxd7+ Qxd7 16.Qe2 Kf8 17.Nxf7 Kxf7 18.Re1 Ng8 19.g4 Kf8 20.Qf3+ Nf6 21.
Re6 Qf7 22.Qf5 Kg8 23.R1e3 Re8 24.h4 Rxe6 25.dxe6 Qe7 26.f4 c6 27.g5 hxg5 
28.fxg5 Nd5 29.Re4 Qf8 30.e7 Qxf5 31.e8=Q+ Qf8 32.g6 Rh5 33.Qe6+ Kh8 34.
Qf7 Qxf7 35.gxf7 Rf5 36.Re8+ Kh7 37.f8=Q Rxf8 38.Rxf8 Nb4 39.a3 Nd3 40.b4 
Ne5 41.Ra8 a6 42.Ra7 b5 43.Rxa6 Kh6 44.Ra8 Kh5 45.Rd8 Kxh4 46.Rxd6 Kg3 47.
Kf1 Kf3 48.Re6 Ke4 49.Ke2 g5 50.Rd6 g4 51.Kf2 Nd3+ 52.Kg3 Ne5 53.Rd1 Nc4 
54.Ra1 Kd3 55.a4 bxa4 56.Rxa4 Kc3 57.Ra6 Kxb4 58.Rxc6 Kb5 59.Rc7 Ne3 60.
Rc1 Kb4 61.Kf4 Nd5+ 62.Ke5 Nc3 63.Rc2 Kc4 64.Rd2 g3 65.Rd4+ Kb3 66.Rg4 Kc2
67.Rxg3 Ne2 68.Rf3 Kd2 69.Ke4 Nc3+ 70.Kd4 Ne2+ 71.Kc4 Nc1 72.Rg3 Ne2 73.
Rd3+ Ke1 74.Rd8 Kf2 75.Kd3 Kf3 76.Rf8+ Nf4+ 77.Kd4 Kg4 78.Ke4 Ng6 79.Rf5 
Nh4 80.Rb5 Ng6 81.Ra5 Nh4 82.Rc5 Ng6 83.Ke3 Nh4 84.Ke4 Ng6 85.Rc1 Kg5 86.
Rf1 Nh4 87.Rh1 Ng6 88.Rg1+ Kf6 89.Rg2 Nh4 90.Rg3 Ng6 91.Rg4 Ne7 92.Rf4+ 
Kg5 93.Rf8 Ng6 94.Rf7 Nh4 1/2-1/2

[Event "25th EY BU18 2015"]
[Site "Porec CRO"]
[Date "2015.09.28"]
[Round "7.9"]
[White "Sadikhov, U"]
[Black "Sirosh, Ilja"]
[Result "1/2-1/2"]
[WhiteElo "2393"]
[BlackElo "2323"]
[EventDate "2015.09.21"]
[WhiteTitle "FM"]
[BlackTitle "FM"]
[WhiteFideId "13401416"]
[BlackFideId "4500458"]
[EventType "swiss"]

1.e4 e5 2.Nf3 Nc6 3.Bc4 Bc5 4.c3 Nf6 5.d3 O-O 6.O-O d5 7.exd5 Nxd5 8.Re1 
Bg4 9.a4 a6 10.Bg5 f6 11.Be3 Bxe3 12.fxe3 Kh8 13.a5 Qd7 14.Nbd2 Nce7 15.d4
exd4 16.exd4 Rae8 17.Ne4 Ng6 18.Nc5 Qf5 19.Qd3 Qh5 20.Nd2 Ndf4 21.Qf1 Be2 
22.Qf2 Bxc4 23.Nxc4 Qd5 24.Ne3 Qc6 25.Qf3 Qxf3 26.gxf3 Nh4 27.Kf2 b6 28.
axb6 cxb6 29.Kg3 g5 30.Ne4 a5 31.Nd6 Rd8 32.Nef5 Nhg6 33.Re3 Nd5 34.Re4 
Ngf4 35.c4 Nb4 36.b3 Nc6 37.Rae1 Nd3 38.R1e3 Nf4 39.Re1 Nd3 40.R1e2 Nf4 
41.R2e3 h6 42.h4 Kh7 43.hxg5 hxg5 44.Re7+ Nxe7 45.Rxe7+ Kh8 46.Nf7+ Rxf7 
47.Rxf7 Ne2+ 48.Kg4 Nxd4 49.Ne7 Rd6 50.Kh5 Nxf3 51.Nf5 Re6 52.Rf8+ Kh7 53.
Rf7+ Kh8 54.Rf8+ Kh7 55.Rf7+ Kh8 1/2-1/2

[Event "25th EY BU16 2015"]
[Site "Porec CRO"]
[Date "2015.09.28"]
[Round "7.4"]
[White "Rajkovic, Mladen"]
[Black "Dolana, A"]
[Result "0-1"]
[WhiteElo "2262"]
[BlackElo "2332"]
[EventDate "2015.09.21"]
[WhiteFideId "930660"]
[BlackFideId "1219804"]
[EventType "swiss"]

1.e4 e5 2.Nf3 Nc6 3.Bc4 Bc5 4.O-O d6 5.c3 Nf6 6.d3 O-O 7.Bb3 Ne7 8.d4 Bb6 
9.dxe5 Nxe4 10.Bc2 d5 11.Qe2 h6 12.Nbd2 Nxd2 13.Bxd2 Bf5 14.Bxf5 Nxf5 15.
Qd3 Qd7 16.Nd4 Ne7 17.b4 a5 18.a3 axb4 19.axb4 Bxd4 20.cxd4 Ra4 21.Rxa4 
Qxa4 22.f4 f5 23.Qc3 Qc6 24.Ra1 Qxc3 25.Bxc3 Nc8 26.b5 Nb6 27.Ra7 Rb8 28.
Bb4 Kf7 29.Kf2 g5 30.g4 Ke6 31.Kf3 Nc8 32.Ra3 c6 33.bxc6 bxc6 34.Bc5 gxf4 
35.Kxf4 fxg4 36.Kxg4 Ne7 37.Ra7 Rg8+ 38.Kf3 Ng6 39.Ke3 Nh4 40.Rc7 Rg6 41.
Bf8 Kf5 42.Bd6 Ng2+ 43.Kf2 Ke4 44.Rxc6 Ne3 45.Rc3 Nd1+ 0-1

[Event "25th EY BU16 2015"]
[Site "Porec CRO"]
[Date "2015.09.29"]
[Round "8.17"]
[White "Karpus, Michal"]
[Black "Sirp, Karl Aleksander"]
[Result "1-0"]
[WhiteElo "2303"]
[BlackElo "1856"]
[EventDate "2015.09.21"]
[WhiteFideId "1174088"]
[BlackFideId "4504712"]
[EventType "swiss"]

1.e4 e5 2.Nf3 Nc6 3.Bc4 Bc5 4.c3 Nf6 5.d3 O-O 6.O-O d5 7.exd5 Nxd5 8.a4 a6
9.a5 b5 10.axb6 Nxb6 11.Bg5 Be7 12.Bxe7 Qxe7 13.Nbd2 Rd8 14.Re1 Nxc4 15.
Nxc4 f6 16.Qe2 Qc5 17.b4 Qd5 18.Rad1 Bg4 19.Qe4 Qxe4 20.dxe4 Be6 21.Ne3 
Ne7 22.Rxd8+ Rxd8 23.Ra1 Rd6 24.Kf1 Kf7 25.Ke2 Nc8 26.Nd5 Bxd5 27.exd5 
Rxd5 28.Rxa6 Nb6 29.Nd2 Rd7 30.g3 Nd5 31.Ne4 h6 32.Rc6 f5 33.Nd2 Ke7 34.
Nf3 Rd6 35.Nxe5 Rxc6 36.Nxc6+ Kd6 37.Nd4 Nxc3+ 38.Kd3 Nd5 39.Nxf5+ Ke5 40.
Nxg7 Nxb4+ 41.Kc4 Nd5 42.Kc5 Ne7 43.f3 c6 44.Nh5 Kf5 45.Nf4 Ke5 46.Ne2 h5 
47.Nd4 Kf6 48.Nxc6 Nf5 49.Nd4 Ne3 50.Ne2 Ke5 51.h3 Nf1 52.f4+ Kf5 53.Kd4 
Nh2 54.Ke3 Nf1+ 55.Kf2 Nd2 56.Nd4+ Ke4 57.Ne6 h4 58.g4 Nc4 59.f5 Nd6 60.
Ng5+ 1-0

[Event "25th EY BU16 2015"]
[Site "Porec CRO"]
[Date "2015.09.30"]
[Round "9.13"]
[White "Tokranovs, Dmitrijs"]
[Black "Karpus, Michal"]
[Result "1-0"]
[WhiteElo "2191"]
[BlackElo "2303"]
[EventDate "2015.09.21"]
[WhiteFideId "11603011"]
[BlackFideId "1174088"]
[EventType "swiss"]

1.e4 e5 2.Nf3 Nc6 3.Bc4 Bc5 4.b4 Bxb4 5.c3 Be7 6.d4 Na5 7.Bd3 d6 8.dxe5 
dxe5 9.Nxe5 Nf6 10.O-O O-O 11.Nf3 c5 12.e5 Nd5 13.Qc2 f5 14.exf6 Nxf6 15.
Nbd2 Qc7 16.Ne4 h6 17.Ng3 Bg4 18.Nh4 c4 19.Bg6 Nc6 20.h3 Bc5 21.Ne4 Ne5 
22.Nxc5 Qxc5 23.hxg4 Nfxg4 24.Bh7+ Kh8 25.Bf5 Qe7 26.Ng6+ Nxg6 27.Bxg4 Nf4
28.Bxf4 Rxf4 29.Rae1 Qg5 30.Bh3 Rf3 31.Kh2 Qf4+ 32.g3 Qf6 33.Re3 1-0

[Event "25th EY BU16 2015"]
[Site "Porec CRO"]
[Date "2015.09.30"]
[Round "9.25"]
[White "Whatley, Stephen A J"]
[Black "Schweighoffer, Martin"]
[Result "1-0"]
[WhiteElo "2027"]
[BlackElo "2084"]
[EventDate "2015.09.21"]
[WhiteFideId "420441"]
[BlackFideId "1322613"]
[EventType "swiss"]

1.e4 e5 2.Nf3 Nc6 3.Bc4 Nf6 4.d3 Be7 5.O-O O-O 6.Re1 d6 7.a4 Na5 8.Ba2 c5 
9.h3 Nc6 10.c3 h6 11.d4 cxd4 12.cxd4 Nh7 13.Nc3 Bd7 14.Be3 Ng5 15.dxe5 
Nxf3+ 16.Qxf3 Nxe5 17.Qe2 Be6 18.Nd5 Re8 19.Red1 Bf8 20.Qd2 Nc6 21.b4 b6 
22.Rac1 Rc8 23.Bc4 Bxd5 24.Qxd5 Qf6 25.Bb5 Nxb4 26.Qb7 Rxc1 27.Rxc1 Re7 
28.Qa8 a6 29.Bf1 g5 30.Rc8 Qg7 31.Bxb6 1-0

[Event "25th EY BU14 2015"]
[Site "Porec CRO"]
[Date "2015.09.28"]
[Round "7.16"]
[White "Nordquelle, Daniel"]
[Black "Kosakowski, Jakub"]
[Result "0-1"]
[WhiteElo "2020"]
[BlackElo "2270"]
[EventDate "2015.09.21"]
[WhiteFideId "1519042"]
[BlackFideId "1185080"]
[EventType "swiss"]

1.e4 e5 2.Nf3 Nc6 3.Bc4 Bc5 4.c3 Nf6 5.b4 Bb6 6.d3 d6 7.O-O h6 8.a4 a6 9.
Be3 Bxe3 10.fxe3 O-O 11.Nbd2 Ne7 12.Bb3 Ng6 13.Qe1 Be6 14.Bxe6 fxe6 15.Qg3
Qe8 16.h3 Kh7 17.Kh2 Qc6 18.Nc4 Nd7 19.Rfc1 b6 20.Qg4 Rf6 21.h4 d5 22.Ncd2
Raf8 23.c4 d4 24.Nf1 dxe3 25.Nxe3 Nf4 26.Rd1 Rg6 27.Ng5+ hxg5 28.hxg5 Rh8 
29.Kg3 Kg8 30.Rh1 Rxh1 31.Rxh1 Nf6 32.Qh4 Nxd3 33.Kf3 Qxe4+ 34.Qxe4 Nxe4 
35.Rd1 Nxg5+ 36.Kg4 Nf2+ 0-1

[Event "25th EY BU14 2015"]
[Site "Porec CRO"]
[Date "2015.09.28"]
[Round "7.29"]
[White "Stevanic, David"]
[Black "Cotic, Borna"]
[Result "1-0"]
[WhiteElo "2011"]
[BlackElo "1814"]
[EventDate "2015.09.21"]
[WhiteFideId "14613921"]
[BlackFideId "14542307"]
[EventType "swiss"]

1.e4 e5 2.Nf3 Nc6 3.Bc4 Bc5 4.c3 Nf6 5.d3 d6 6.b4 Bb6 7.a4 a6 8.Qb3 Qe7 9.
Bg5 h6 10.Bh4 g5 11.Bg3 Be6 12.Nbd2 Nh5 13.O-O-O O-O-O 14.a5 Ba7 15.Kc2 
Nf4 16.Ra1 g4 17.b5 axb5 18.Qxb5 Bxc4 19.Nxc4 gxf3 20.a6 fxg2 21.axb7+ Kd7
22.Rhc1 Bb6 23.Bxf4 exf4 24.Ra6 Qg5 25.Rxb6 cxb6 26.Nxb6+ Ke7 27.Qxc6 g1=Q
28.Rxg1 Qxg1 29.Nc8+ Rxc8 30.bxc8=Q Rxc8 31.Qxc8 Qxf2+ 32.Kb3 Qb6+ 33.Kc2 
f3 34.Qh3 f2 35.Qh4+ Ke8 36.Qf4 Qa6 37.Kd2 Qa2+ 38.Ke3 Qa1 39.Kxf2 Qxc3 
40.Qxd6 Qd2+ 41.Kf3 Qd1+ 42.Ke3 Qg1+ 43.Kd2 Qf2+ 44.Kc3 Qe1+ 45.Kc4 Qc1+ 
46.Kd5 Qd2 47.Qg3 Qa5+ 48.Kd4 Qb6+ 49.Ke5 Qe6+ 50.Kf4 Qd6+ 51.Kg4 Qe6+ 52.
Kf3 Qb3 53.Ke3 Kf8 54.e5 Qc3 55.Ke4 Qc6+ 56.Ke3 Qc3 57.Qf4 Qc1+ 58.Ke4 
Qc6+ 59.Ke3 Qc1+ 60.Kf3 Qc6+ 61.Qe4 Qc2 62.Kg3 Qc3 63.h4 Qc2 64.Qe3 Qc6 
65.d4 Kg7 66.Qf3 Qc7 67.Qf6+ Kh7 68.Kg4 Qd7+ 69.Qf5+ Qxf5+ 70.Kxf5 Kg7 71.
d5 Kf8 72.d6 h5 73.Kf6 Ke8 74.Kg7 Kd8 75.Kxf7 Kd7 76.e6+ Kxd6 77.e7 1-0

[Event "25th EY GU16 2015"]
[Site "Porec CRO"]
[Date "2015.09.28"]
[Round "7.15"]
[White "Varney, Zoe"]
[Black "Weis, Olga"]
[Result "1-0"]
[WhiteElo "1755"]
[BlackElo "1949"]
[EventDate "2015.09.21"]
[WhiteFideId "436135"]
[BlackFideId "1270234"]
[EventType "swiss"]

1.e4 e5 2.Nf3 Nc6 3.Bc4 Bc5 4.c3 Nf6 5.d4 exd4 6.cxd4 Bb4+ 7.Bd2 Nxe4 8.
Bxb4 Nxb4 9.Bxf7+ Kxf7 10.Qb3+ Kf8 11.Qxb4+ Qe7 12.Qxe7+ Kxe7 13.O-O Kd8 
14.Re1 Nf6 15.Nc3 Rf8 16.Re3 d6 17.Rae1 Re8 18.Rxe8+ Nxe8 19.Nd5 Nf6 20.
Nf4 Bf5 21.h3 Kd7 22.g4 Be4 23.Ng5 Re8 24.f3 Bd5 25.Rxe8 Kxe8 26.Nxd5 Nxd5
27.Nxh7 Nf4 28.Ng5 Ne2+ 29.Kf2 Nxd4 30.Ke3 c5 31.Ke4 Kd7 32.Kd5 Nc6 33.a3 
Ne7+ 34.Ke4 b5 35.f4 d5+ 36.Ke5 d4 37.Ne4 Kc6 38.f5 d3 39.Ke6 Nd5 40.Kf7 
Nf6 41.Nd2 Kd6 42.Kxg7 Ke5 43.g5 Nd5 44.f6 Ke6 45.h4 1-0

[Event "25th EY GU16 2015"]
[Site "Porec CRO"]
[Date "2015.09.29"]
[Round "8.10"]
[White "Rozman, Monika"]
[Black "Varney, Zoe"]
[Result "1-0"]
[WhiteElo "1991"]
[BlackElo "1755"]
[EventDate "2015.09.21"]
[WhiteFideId "14609118"]
[BlackFideId "436135"]
[EventType "swiss"]

1.e4 e5 2.Nf3 Nc6 3.Bc4 Bc5 4.c3 Nf6 5.d3 d6 6.O-O O-O 7.Re1 Bb6 8.Nbd2 
Re8 9.Bb3 a6 10.Nf1 h6 11.Ng3 Be6 12.Be3 Bxe3 13.fxe3 d5 14.exd5 Bxd5 15.
e4 Bxb3 16.axb3 Qd6 17.Qe2 Rad8 18.Rad1 Qc5+ 19.Qe3 Qb5 20.b4 Ng4 21.Qc5 
Qxc5+ 22.bxc5 Rd7 23.d4 exd4 24.cxd4 Red8 25.d5 g6 26.h3 Nge5 27.Rc1 Nxf3+
28.gxf3 Ne5 29.Rc3 c6 30.f4 cxd5 31.fxe5 d4 32.Rd3 Re8 33.Red1 Rxe5 34.b4 
a5 35.Rxd4 Rxd4 36.Rxd4 axb4 37.Rxb4 Rxc5 38.Rxb7 Rc3 39.Kf2 Rc2+ 40.Ne2 
Ra2 41.Rc7 Kg7 42.e5 Kf8 43.Kf3 Ra5 44.Ke4 Ra4+ 45.Kd5 Ra2 46.Nd4 Ra3 47.
h4 Rh3 48.Nb5 Rxh4 49.Nd6 Rf4 50.Kc6 g5 51.Rxf7+ Rxf7 52.Nxf7 g4 53.e6 Ke7
54.Kd5 g3 55.Ne5 g2 56.Nf3 h5 57.Ng1 h4 58.Ke5 Ke8 59.Kd6 Kd8 60.e7+ Ke8 
61.Nh3 1-0

[Event "25th EY GU16 2015"]
[Site "Porec CRO"]
[Date "2015.09.29"]
[Round "8.19"]
[White "O'Gorman, Alice"]
[Black "Den Dunnen, Lola"]
[Result "1/2-1/2"]
[WhiteElo "1702"]
[BlackElo "1803"]
[EventDate "2015.09.21"]
[WhiteFideId "2508214"]
[BlackFideId "1045750"]
[EventType "swiss"]

1.e4 e5 2.Nf3 Nc6 3.Bc4 Nf6 4.d3 Be7 5.O-O O-O 6.c3 d6 7.h3 h6 8.Re1 Na5 
9.Bb5 a6 10.Ba4 b5 11.Bc2 c5 12.Nbd2 Be6 13.Nf1 Nc6 14.Ng3 Re8 15.Be3 d5 
16.exd5 Nxd5 17.Bd2 Qc7 18.Ne4 f5 19.Ng3 Rad8 20.Bb3 Bf6 21.Nh5 Qf7 22.
Nxf6+ Qxf6 23.Rc1 Bf7 24.Qc2 b4 25.Ba4 Nf4 26.Bxf4 exf4 27.Bxc6 Rxe1+ 28.
Rxe1 b3 29.axb3 Qxc6 30.c4 Bh5 31.Ne5 Qb7 32.f3 Rb8 33.Ra1 Re8 34.Qc3 Qc7 
35.Re1 Qd6 36.Kf2 Qf6 37.d4 Qh4+ 38.Kf1 cxd4 39.Qxd4 Rd8 40.Qf2 Qf6 41.Qc2
g5 42.c5 Be8 43.c6 g4 44.fxg4 fxg4 45.c7 Bb5+ 46.Kg1 Qb6+ 47.Kh1 Rc8 48.
Rc1 gxh3 49.gxh3 Qe6 50.Qg6+ Qxg6 51.Nxg6 Kf7 52.Nxf4 Ke7 53.Rd1 Bc6+ 54.
Kg1 Rxc7 55.Kf2 Rc8 56.Rd2 Ba8 57.Ke3 Rb8 58.Rd3 1/2-1/2

[Event "Tatry Open 2015"]
[Site "Tatranske Zruby SVK"]
[Date "2015.09.26"]
[Round "1.23"]
[White "Jossien, R"]
[Black "Kumala, A"]
[Result "1/2-1/2"]
[WhiteElo "2240"]
[BlackElo "2102"]
[EventDate "2015.09.26"]
[WhiteFideId "620238"]
[BlackFideId "1141880"]

1.e4 e5 2.Nf3 Nc6 3.Bc4 Nf6 4.d3 Be7 5.Nc3 O-O 6.h3 d6 7.Be3 Na5 8.Qd2 c5 
9.Nd5 Nxc4 10.Nxf6+ gxf6 11.dxc4 f5 12.exf5 Bxf5 13.Bh6 Re8 14.O-O Kh8 15.
Ng5 Bxg5 16.Bxg5 f6 17.Bh4 Rg8 18.Rfd1 Bxh3 19.Qxd6 Rxg2+ 20.Kh1 Qxd6 21.
Rxd6 Rg4 22.Bxf6+ Kg8 23.Kh2 Bg2 24.Rg1 Bf3 25.Rxg4+ Bxg4 26.Bxe5 Re8 27.
f4 Be6 28.b3 Kf7 29.Kg3 Kg6 30.Kf3 Kf5 31.Rd2 h5 32.Rg2 Rg8 33.Rh2 Bf7 34.
Bd6 b6 35.Re2 Re8 36.Rxe8 Bxe8 37.Bb8 Bc6+ 38.Kg3 a6 39.Ba7 Be4 40.Bxb6 
Bxc2 41.Bxc5 Bb1 42.a3 Ba2 43.Bd6 Bxb3 44.c5 Ba4 45.Kh4 Be8 46.c6 Bxc6 47.
Kxh5 1/2-1/2

[Event "Tatry Open 2015"]
[Site "Tatranske Zruby SVK"]
[Date "2015.09.29"]
[Round "5.22"]
[White "Domanski, Lukasz"]
[Black "Steiner, B"]
[Result "1/2-1/2"]
[WhiteElo "2002"]
[BlackElo "2247"]
[EventDate "2015.09.26"]
[WhiteFideId "1183575"]
[BlackFideId "1602411"]

1.e4 e5 2.Nf3 Nc6 3.Bc4 Bc5 4.O-O Nf6 5.d4 Bxd4 6.Nxd4 Nxd4 7.Bg5 d6 8.f4 
Qe7 9.f5 d5 10.Bxd5 c6 11.Bb3 Bd7 12.Nd2 O-O 13.Nc4 Rfd8 14.Qe1 c5 15.Ne3 
c4 16.Bxc4 Rdc8 17.Bd3 Qd6 18.Bxf6 Qxf6 19.Nd5 Qd6 20.f6 Nxc2 21.Qg3 g6 
22.Rac1 Nb4 23.Ne7+ Kf8 24.Nxc8 Qd4+ 25.Kh1 Nxd3 26.Rcd1 Bb5 27.Ne7 Qxe4 
28.a4 Ba6 29.b4 Bc4 30.Qh3 Nf4 31.Rxf4 Qxf4 32.Qxh7 Qxf6 33.Qg8+ Kxe7 34.
Qxa8 Bd5 35.Qxa7 Qc6 36.Qf2 g5 37.b5 Qc4 38.Qd2 Ke6 39.b6 f6 40.a5 Bc6 41.
Qd6+ Kf5 42.a6 Qxa6 43.Qd3+ Qxd3 44.Rxd3 Ke6 45.Kg1 e4 46.Rc3 Kd5 47.g4 
Kd6 48.Kf2 Bd7 49.Kg3 Be6 50.Rc7 Bd5 51.Kf2 Ke5 52.Ke3 Ke6 53.Kd4 Kd6 54.
Rg7 Bc6 55.Ke3 Ke6 1/2-1/2

[Event "Tatry Open 2015"]
[Site "Tatranske Zruby SVK"]
[Date "2015.09.30"]
[Round "6.24"]
[White "Jurcisin, I"]
[Black "Steiner, B"]
[Result "1-0"]
[WhiteElo "2032"]
[BlackElo "2247"]
[EventDate "2015.09.26"]
[WhiteFideId "14901854"]
[BlackFideId "1602411"]

1.e4 e5 2.Nf3 Nc6 3.Bc4 Nf6 4.Ng5 d5 5.exd5 Na5 6.Bb5+ c6 7.dxc6 Nxc6 8.
Bc4 Bc5 9.Nxf7 Bxf2+ 10.Kf1 Qd4 11.d3 Rf8 12.Qe2 Ng4 13.c3 Qc5 14.h3 Ne3+ 
15.Bxe3 Bxe3 16.b4 Qb6 17.Qf3 Nd8 18.Ke2 Bh6 19.Rf1 Be6 20.Bxe6 Qxe6 21.
Nxd8 Rxf3 22.Nxe6 Re3+ 23.Kd1 Ke7 24.Nc5 b6 25.Rf3 Rxf3 26.gxf3 bxc5 27.b5
Rf8 28.Ke2 Rf4 29.Nd2 Rh4 30.a4 Bxd2 31.Kxd2 Kd6 32.Ke3 Rxh3 33.a5 Rh2 34.
b6 Kc6 35.Rb1 axb6 36.Rxb6+ Kc7 37.Re6 Ra2 38.Re7+ Kd6 39.Rxg7 c4 40.dxc4 
Rc2 41.Kd3 Rf2 42.Rg3 h5 43.Rh3 h4 44.a6 Kc5 45.a7 Ra2 46.Rxh4 Rxa7 47.Rh5
Rd7+ 48.Ke4 Kxc4 49.Rxe5 Kxc3 50.f4 Rd8 51.f5 Rf8 52.Rc5+ Kd2 53.Ke5 Ke3 
54.Rc3+ Kd2 55.Rh3 Re8+ 56.Kd6 Rf8 57.Ke6 Re8+ 58.Kf7 Re1 59.f6 Rf1 60.Ke7
Re1+ 61.Kf8 1-0

[Event "Tatry Open 2015"]
[Site "Tatranske Zruby SVK"]
[Date "2015.09.30"]
[Round "6.29"]
[White "Lintner, Igor"]
[Black "Haring, Filip"]
[Result "1/2-1/2"]
[WhiteElo "1998"]
[BlackElo "2150"]
[EventDate "2015.09.26"]
[WhiteFideId "14932970"]
[BlackFideId "14933080"]

1.e4 e5 2.Nf3 Nc6 3.Bc4 Nf6 4.d3 Be7 5.O-O O-O 6.Re1 d6 7.c3 Na5 8.Bb5 a6 
9.Ba4 b5 10.Bc2 c5 11.Nbd2 Qc7 12.Nf1 Bd7 13.Ng3 Rfc8 14.Bd2 Rab8 15.Rc1 
Qb6 16.h3 Nc6 17.Be3 b4 18.c4 b3 19.axb3 Nb4 20.Nd2 Nxc2 21.Qxc2 a5 22.Ra1
Ra8 23.Ne2 Rcb8 24.Nc3 Bd8 25.Reb1 Qb4 26.Kh2 h6 27.Ra2 Bc6 1/2-1/2

[Event "FSIM October 2015"]
[Site "Budapest HUN"]
[Date "2015.10.04"]
[Round "2.2"]
[White "Alonso, Ju"]
[Black "Havanecz, B"]
[Result "1-0"]
[WhiteElo "2290"]
[BlackElo "2252"]
[EventDate "2015.10.03"]
[WhiteTitle "FM"]
[BlackTitle "WIM"]
[WhiteFideId "3508889"]
[BlackFideId "704814"]

1.e4 e5 2.Nf3 Nc6 3.Bc4 Bc5 4.O-O Nf6 5.d4 exd4 6.e5 d5 7.exf6 dxc4 8.fxg7
Rg8 9.Re1+ Be6 10.Bg5 Be7 11.Bxe7 Kxe7 12.Re4 d3 13.Nbd2 Qd5 14.Rxc4 Rxg7 
15.Re4 Rag8 16.g3 Rg4 17.cxd3 Qxd3 18.Re3 Qd5 19.Qc2 R8g6 20.a3 Kf8 21.
Rae1 Qd7 22.Qc3 Kg8 23.b4 a6 24.Ne4 Qd8 25.a4 Rh6 26.b5 axb5 27.axb5 Na7 
28.Rd3 Qe7 29.Qd2 Kg7 30.Ne5 Rxe4 31.Rxe4 Qf6 32.Rf3 Qe7 33.Nxf7 Rf6 34.
Qg5+ Kxf7 35.Rxf6+ 1-0

[Event "24th TCh-CRO Div 1a 2015"]
[Site "Bol CRO"]
[Date "2015.10.03"]
[Round "1.15"]
[White "Bontempi, P"]
[Black "Ivic, Mat"]
[Result "0-1"]
[WhiteElo "2362"]
[BlackElo "2267"]
[EventDate "2015.10.03"]
[WhiteTitle "FM"]
[BlackTitle "FM"]
[WhiteTeam "SK ZAGREB Zagreb"]
[BlackTeam "SK BRDA Split"]
[WhiteFideId "809250"]
[BlackFideId "14504146"]

1.e4 e5 2.Nf3 Nc6 3.Bc4 Nf6 4.d3 Bc5 5.Bg5 d6 6.c3 h6 7.Bh4 Qe7 8.Nbd2 Bb6
9.a4 a6 10.b4 Nd8 11.Nf1 g5 12.Bg3 Ne6 13.Ne3 Nf4 14.O-O Rg8 15.Re1 h5 16.
Nf5 Bxf5 17.exf5 O-O-O 18.a5 Ba7 19.b5 axb5 20.a6 c6 21.Bb3 h4 22.Bxf4 
gxf4 23.h3 Rg7 24.Qe2 Rdg8 25.axb7+ Qxb7 26.d4 Rxg2+ 27.Kh1 e4 28.Nxh4 
R2g7 29.Qd2 e3 30.fxe3 c5+ 31.d5 fxe3 32.Rxe3 c4 33.Bc2 Bxe3 34.Qxe3 Rg3 
0-1

[Event "24th TCh-CRO Women 2015"]
[Site "Bol CRO"]
[Date "2015.10.04"]
[Round "2.13"]
[White "Sargac, R"]
[Black "Samardzic, Ana"]
[Result "1-0"]
[WhiteElo "2161"]
[BlackElo "1650"]
[EventDate "2015.10.03"]
[WhiteTitle "WIM"]
[WhiteTeam "SK POLET - Busevec"]
[BlackTeam "SK ERICSSON NIKOLA TESLA - Zagreb"]
[WhiteFideId "14507250"]
[BlackFideId "14533090"]
[EventType "tourn"]

1.e4 e5 2.Nf3 Nc6 3.Bc4 Nf6 4.d3 Bc5 5.O-O d6 6.c3 a6 7.d4 Ba7 8.dxe5 dxe5
9.Qxd8+ Nxd8 10.Nxe5 Nxe4 11.Nd2 Nd6 12.Bb3 Ne6 13.Ndf3 h6 14.Re1 O-O 15.
Bd2 c5 16.Rad1 Nb5 17.Bc1 Nbc7 18.Nc4 b5 19.Nd6 Bd7 20.Ne5 Bc8 21.Bc2 c4 
22.Be4 Rb8 23.Nc6 Nc5 24.Ne7+ Kh8 25.Ndxc8 Rbxc8 26.Nxc8 Rxc8 27.Bf5 N7e6 
28.Be3 a5 29.Bxc5 Bxc5 30.Bxe6 fxe6 31.Rxe6 a4 32.Kf1 b4 33.Re4 bxc3 34.
bxc3 Bb6 35.Rd6 Ba5 36.Rdd4 Rb8 37.Rxc4 Rb1+ 38.Ke2 Rb2+ 39.Kf3 Rxa2 40.
Rxa4 Rxa4 41.Rxa4 Bxc3 42.Kg4 Kh7 43.Kf5 g6+ 44.Ke6 h5 45.f4 Bd2 46.f5 g5 
47.Ra7+ Kh6 48.f6 Bb4 49.f7 Kg7 50.Kf5 Bd2 51.h3 h4 52.f8=Q+ Kxf8 53.Kg6 
Be3 54.Rf7+ Kg8 55.Re7 1-0

[Event "Belgrade Premier League"]
[Site "Belgrade SRB"]
[Date "2015.09.27"]
[Round "6.5"]
[White "Tomic, K"]
[Black "Orlov, Pa"]
[Result "1/2-1/2"]
[WhiteElo "2058"]
[BlackElo "2239"]
[EventDate "2015.09.21"]
[BlackTitle "IM"]
[WhiteTeam "Mirijevo"]
[BlackTeam "Radnicki-Bgd"]
[WhiteFideId "911887"]
[BlackFideId "901113"]

1.e4 e5 2.Nf3 Nc6 3.Bc4 Nf6 4.Nc3 Bc5 5.d3 d6 6.h3 h6 7.Qe2 Na5 8.Bb3 Nxb3
9.axb3 O-O 10.Be3 Bxe3 11.Qxe3 a6 12.g4 d5 13.Nxd5 Nxd5 14.exd5 Qxd5 15.
O-O-O Re8 16.Qe4 Qxe4 17.dxe4 f6 18.Nh4 1/2-1/2

[Event "Belgrade Premier League"]
[Site "Belgrade SRB"]
[Date "2015.09.28"]
[Round "7.1"]
[White "Zivkovic, Ivan R"]
[Black "Ocokoljic, Z"]
[Result "0-1"]
[WhiteElo "2043"]
[BlackElo "2039"]
[EventDate "2015.09.21"]
[WhiteTeam "Beogradski vodovod"]
[BlackTeam "Mirijevo"]
[WhiteFideId "914762"]
[BlackFideId "923958"]

1.e4 e5 2.Nf3 Nc6 3.Bc4 Bc5 4.c3 Nf6 5.d3 d5 6.exd5 Nxd5 7.h3 a6 8.O-O O-O
9.d4 exd4 10.cxd4 Ba7 11.Nc3 Be6 12.Ne2 Qd7 13.Ng5 Rfe8 14.Nxe6 fxe6 15.
Bb3 Nce7 16.Nc3 Nf5 17.Ne2 c6 18.Qd3 Qf7 19.Be3 Bb8 20.a3 Qc7 21.g3 Ndxe3 
22.fxe3 Nxg3 23.Rf8+ Rxf8 24.Bxe6+ Kh8 25.Nf4 g5 26.Ng6+ hxg6 27.Qxg6 Ne2+
0-1